[Event "Yerevan ol (Men)"]
[Site "Yerevan"]
[Date "1996.??.??"]
[Round "4"]
[White "Hawes, Jonathan"]
[Black "Hutcheson, John"]
[Result "1/2-1/2"]
[WhiteElo "2095"]
[BlackElo "2250"]

1.Nf3 d5 2.c4 e6 3.d4 c5 4.cxd5 exd5 5.Nc3 Nc6 6.g3 Nf6 7.Bg5 cxd4 8.Nxd4 Be7
9.Bg2 O-O 10.O-O h6 11.Be3 Na5 12.b3 Nc6 13.Na4 Re8 14.Nxc6 bxc6 15.Nc5 Qa5
16.Qc2  1/2-1/2

[Event "Yerevan ol (Men)"]
[Site "Yerevan"]
[Date "1996.??.??"]
[Round "5"]
[White "Teplitsky, Yan"]
[Black "Jodorcovsky, Paulo"]
[Result "1/2-1/2"]
[WhiteElo "2450"]
[BlackElo "2275"]

1.Nf3 d5 2.c4 c6 3.e3 e6 4.b3 Nf6 5.Bb2 Bd6 6.d4 Nbd7 7.Nc3 O-O 8.Be2 Qe7
9.O-O Re8 10.Qc2 e5 11.cxd5 Nxd5 12.Nxd5 cxd5 13.dxe5 Nxe5 14.Rfd1 Qe6 15.Nxe5 Bxe5
16.Bf3 Rd8 17.Rd2 Qf6 18.Bxe5 Qxe5 19.Rad1 Be6 20.Qc5 b6 21.Qd4 Qxd4 22.Rxd4 Rac8
23.e4 Rc2 24.exd5 Bf5 25.g4 Bg6 26.Ra4 a5 27.d6 Kf8 28.h4 Rc3 29.Rf4 h6 30.Kg2 Bd3
31.Rd4 Bb5 32.R1d2 Bd7 33.R4d3 Rdc8 34.Kg3 R8c5 35.Be4 g6 36.Rxc3 Rxc3+ 37.Rd3 Rc1
38.f3 Rc5 39.Kf4 Ke8 40.g5 hxg5+ 41.hxg5 Be6 42.Rd4 Kd7 43.Bd3 Bd5 44.b4 axb4
45.Rxb4 Bxa2 46.Rxb6 Bc4 47.Bc2 Ra5 48.Ke3 Bd5 49.f4 Bc6 50.Bb3 Rf5 51.Ra6 Kxd6  1/2-1/2

[Event "ARM-ch"]
[Site "Yerevan"]
[Date "1996.??.??"]
[Round "5"]
[White "Yegiazarian, Arsen"]
[Black "Minasian, Ara"]
[Result "0-1"]
[WhiteElo "2455"]
[BlackElo "2425"]

1.Nf3 d5 2.c4 d4 3.e3 Nc6 4.exd4 Nxd4 5.Nxd4 Qxd4 6.Nc3 e5 7.Be2 Ne7 8.O-O Nf5
9.d3 Qd8 10.Re1 Bd6 11.Bg4 Ne7 12.Bxc8 Rxc8 13.Qb3 b6 14.Qa4+ c6 15.Be3 Bb8
16.d4 exd4 17.Bg5 f6 18.Nd5 b5 19.Nxe7 bxa4 20.Nxc6+ Kf7 21.Nxd8+ Rhxd8 22.Bd2 Rxc4
23.Rad1 Rc2 24.Bc1 d3 25.Rd2 Re8 26.Rf1 Rxc1  0-1

[Event "ARM-ch"]
[Site "Yerevan"]
[Date "1996.??.??"]
[Round "7"]
[White "Nalbandian, Tigran"]
[Black "Minasian, Ara"]
[Result "1/2-1/2"]
[WhiteElo "2475"]
[BlackElo "2425"]

1.Nf3 d5 2.c4 d4 3.g3 Nc6 4.Bg2 e5 5.d3 Nf6 6.O-O a5 7.e3 Be7 8.exd4 exd4
9.Na3 O-O 10.Nb5 Ne8 11.Re1 Bf6 12.Bf4 Be6 13.h3 Na7 14.Nxa7 Rxa7 15.Qd2 h6
16.Be5 c5 17.g4 b6 18.b3 Bc8 19.Bxf6 Qxf6 20.Ne5 g5 21.Bd5 Re7 22.Nc6 Rc7
23.Ne5 Re7 24.Nc6 Rc7 25.Ne5  1/2-1/2

[Event "Yerevan ol (Men)"]
[Site "Yerevan"]
[Date "1996.??.??"]
[Round "9"]
[White "Teplitsky, Yan"]
[Black "Rowson, Jonathan"]
[Result "1/2-1/2"]
[WhiteElo "2450"]
[BlackElo "2425"]

1.Nf3 d5 2.c4 d4 3.g3 Nc6 4.Bg2 e5 5.d3 Nf6 6.O-O Nd7 7.Na3 Be7 8.Nc2 O-O
9.e3 dxe3 10.Bxe3 Nc5 11.d4 exd4 12.Ncxd4 Nxd4 13.Nxd4 Bg5 14.Bxg5 Qxg5 15.b4 Ne6
16.Nb3 Rb8 17.f4 Qh6 18.f5 Nd8 19.Qe2 b6 20.Qe5 Bb7 21.Bd5 Bxd5 22.cxd5 Nb7
23.f6 Nd6 24.Rac1 gxf6 25.Qxf6 Qe3+ 26.Qf2 Qe4 27.Qd4 Qg6 28.Rf4 f5 29.Qd3 Qf7
30.Qf3 Ne4 31.Nd4 Ng5 32.Qg2 Rbe8 33.h4 Ne4 34.Rxf5 Qg6 35.h5 Qg4 36.Rf4 Rxf4
37.gxf4 Qxg2+ 38.Kxg2 Nf6 39.Rxc7 Nxd5 40.Rxa7 Re4 41.Nc6 Rxf4 42.a3 Rf7
43.Rxf7 Kxf7 44.Kf3 Ke6 45.Nd4+ Ke5 46.Nc2 Nf6  1/2-1/2

[Event "Yerevan ol (Men)"]
[Site "Yerevan"]
[Date "1996.??.??"]
[Round "10"]
[White "Kozul, Zdenko"]
[Black "Antunes, Antonio"]
[Result "1-0"]
[WhiteElo "2605"]
[BlackElo "2540"]

1.Nf3 d5 2.c4 c6 3.e3 Nf6 4.Nc3 e6 5.b3 Nbd7 6.Bb2 Bd6 7.Qc2 O-O 8.h3 Re8
9.g4 Nf8 10.g5 N6d7 11.h4 b5 12.cxd5 exd5 13.Nd4 Nb8 14.Nce2 c5 15.Nxb5 Nc6
16.Nxd6 Qxd6 17.Ba3 Ne6 18.Rc1 d4 19.Bxc5 Qd5 20.e4 Qe5 21.Ng3 Bb7 22.a3 a5
23.Bh3 Qf4 24.Bxe6 Rxe6 25.d3 Ne5 26.Rd1 Rae8 27.Qe2 g6 28.Kf1 Nxd3 29.Rxd3 Qc1+
30.Kg2 Qxc5 31.b4 axb4 32.axb4 Qxb4 33.f3 Qd6 34.Qd2 Qe5 35.Rxd4 Rb6 36.Rd8 Rb3
37.Rd1 Rxd8 38.Qxd8+ Kg7 39.Rd2 Bc6 40.Qf6+ Qxf6 41.gxf6+ Kh6 42.Rd6 Bb5
43.Rd5 Rb2+ 44.Kg1 Bc4 45.Rc5 Be6 46.Nh1 Rb1+ 47.Kg2 Bh3+ 48.Kxh3 Rxh1+ 49.Kg3 g5
50.hxg5+ Kg6 51.Kg4 h5+ 52.gxh6 Rg1+ 53.Kf4 Rh1 54.Ke5 Kxh6 55.f4 Ra1 56.Kf5 Kh7
57.Rc7 Ra5+ 58.e5 Kg8 59.Rc8+ Kh7 60.Rf8 Ra7 61.Rxf7+  1-0

[Event "Yerevan ol (Men)"]
[Site "Yerevan"]
[Date "1996.??.??"]
[Round "11"]
[White "Robinson, Richard"]
[Black "Lauritsen, Niels"]
[Result "1-0"]
[WhiteElo "2085"]
[BlackElo "2280"]

1.Nf3 d5 2.c4 c6 3.g3 g6 4.Bg2 Bg7 5.d4 Nf6 6.O-O O-O 7.b3 Bf5 8.Nc3 Ne4
9.Bb2 Nxc3 10.Bxc3 Be4 11.Rc1 e6 12.Qd2 Nd7 13.Rfd1 Nf6 14.Qf4 Nh5 15.Qe3 f5
16.Bh3 f4 17.Bxe6+ Kh8 18.Qd2 fxg3 19.fxg3 Nxg3 20.hxg3 Qd6 21.Bh3 Qxg3+
22.Bg2 Rf5 23.Rf1 Raf8 24.cxd5 cxd5 25.Bb4 Re8 26.Rc3 Rh5 27.e3 Bh6 28.Qf2 Qg4
29.Ne5 Rexe5 30.Qf6+ Kg8 31.Qd8+  1-0

[Event "Zalakaros op"]
[Site "Zalakaros"]
[Date "1996.??.??"]
[Round "2"]
[White "Nagy, A."]
[Black "Szollosi, Laszlo Jr"]
[Result "0-1"]
[WhiteElo "2075"]
[BlackElo "2225"]

1.Nf3 d5 2.c4 e6 3.g3 Nf6 4.Bg2 Be7 5.b3 O-O 6.O-O c5 7.Bb2 Nc6 8.d3 Re8
9.Nbd2 d4 10.a3 a5 11.Ne1 e5 12.e3 Bg4 13.Bf3 Bh3 14.Bg2 Qd7 15.e4 h6 16.Nc2 Ra6
17.Nf3 Rb6 18.Rb1 Bxg2 19.Kxg2 Rxb3 20.Nb4 Rxb2 21.Nxc6 Rxb1 22.Nxe7+ Rxe7
23.Qxb1 Qc7 24.Qb5 Ne8 25.Rb1 Nd6 26.Qb6 f6 27.Nh4 Kf7 28.Nf5 Nxf5 29.Qxc7 Rxc7
30.exf5 g6 31.fxg6+ Kxg6 32.f3 Kf7 33.Rb5 a4 34.Kh3 f5 35.Kg2 e4 36.fxe4 fxe4
37.dxe4 Ke6 38.Kf3 Ke5 39.h4 h5 40.Rb6 Rd7 41.Rh6 d3 42.Rxh5+ Kd4 43.Kf2 Kc3
44.e5 d2 45.e6 Rd3 46.e7 d1=Q 47.e8=Q Rf3+  0-1

[Event "Zaragoza-B op"]
[Site "Zaragoza"]
[Date "1996.??.??"]
[Round "?"]
[White "Granero Roca, Antonio"]
[Black "Estrada Nieto, Julian"]
[Result "0-1"]
[WhiteElo "2270"]
[BlackElo "2345"]

1.Nf3 d5 2.c4 dxc4 3.Qa4+ c6 4.Qxc4 Nf6 5.d4 Bf5 6.g3 e6 7.Bg2 Be7 8.O-O Nbd7
9.Nc3 Ne4 10.a4 Qa5 11.Bd2 Nxd2 12.Nxd2 Nb6 13.Qb3 Rd8 14.e4 Bg6 15.Qc2 Nd5
16.Nc4 Qa6 17.Qb3 Nb4 18.Rfd1 Nc2 19.Rab1 Nxd4 20.Rxd4 Rxd4 21.Nb5 Rd7 22.Ne5 cxb5
23.Bf1 Qxa4 24.Qxb5 Qxb5 25.Bxb5 O-O 26.Nxg6 hxg6 27.Bxd7 Rd8 28.Bb5 Rd2
29.Kf1 Bc5 30.Be2 a5 31.b3 Kf8 32.h3 g5 33.Ke1 Bb4 34.Kf1 Bc5 35.Ke1 Ra2
36.Kf1 Ke7 37.Rd1 Rb2 38.Rd3 Rb1+ 39.Kg2 Rb2 40.Kf1 b5 41.Rc3 Bd4 42.Rf3 Rb1+
43.Kg2 b4 44.Bc4 Rc1 45.Bb5 Re1 46.Rd3 e5 47.Bc6 Rc1 48.Bd5 Rc2 49.Rf3 f6
50.Kf1 Kd6 51.Kg2 Rc3 52.Bf7 Bb6 53.Be8 Kc5 54.Re3 Kd6 55.Rf3 Kc5 56.Re3 Kd4
57.Kf3 Rxe3+ 58.fxe3+ Kd3 59.Bb5+ Kd2 60.Ba4 Bxe3 61.Be8 Bc5 62.Ba4 Kd3 63.Bb5+ Kc3
64.Ba4 Kd4 65.Be8 Kc3 66.Ba4 g6 67.g4 Kd2 68.Be8 Ke1 69.Bb5 Bd4 70.Kg2 Be3
71.Kf3 Bd4 72.Ba4 Kf1 73.Bb5+ Kg1 74.Kg3 Bc3 75.Be8 Be1+ 76.Kf3 Kh2 77.Bxg6 a4
78.bxa4 b3 79.Bf7 b2 80.Ba2 Kxh3 81.Ke2 Ba5 82.Kf3 Kh2 83.Kf2 Bb6+ 84.Kf3 Kg1
85.Bb1 Kf1 86.a5 Bd4  0-1

[Event "Zaragoza-B op"]
[Site "Zaragoza"]
[Date "1996.??.??"]
[Round "?"]
[White "Hernando, Antonio"]
[Black "Anglada, Jose Andres"]
[Result "1/2-1/2"]
[WhiteElo "2255"]
[BlackElo "2190"]

1.Nf3 d5 2.c4 c6 3.cxd5 cxd5 4.d4 Nc6 5.Nc3 Nf6 6.Bf4 g6 7.e3 Bg7 8.Bd3 O-O
9.O-O Nh5 10.Bg3 Nxg3  1/2-1/2

[Event "Zaragoza op"]
[Site "Zaragoza"]
[Date "1996.??.??"]
[Round "5"]
[White "Antunes, Antonio"]
[Black "Korneev, Oleg"]
[Result "0-1"]
[WhiteElo "2545"]
[BlackElo "2590"]

1.Nf3 d5 2.c4 d4 3.g3 g6 4.Bg2 Bg7 5.O-O e5 6.d3 Ne7 7.Na3 O-O 8.Nc2 Re8
9.Rb1 a5 10.b3 c5 11.a3 Nec6 12.b4 Nd7 13.e3 axb4 14.axb4 cxb4 15.exd4 exd4
16.Nxb4 Nxb4 17.Rxb4 Nc5 18.Rb5 Na4 19.Bg5 Qd6 20.Qb3 Nc3 21.Rb6 Qc5 22.Qb4 Qxb4
23.Rxb4 Bf5 24.Ne1 h6 25.Bd2 Ra7 26.Bxc3 dxc3 27.c5 c2 28.Rc4 Rxe1 29.Rxe1 Bxd3
30.Rce4 Ra1 31.Re8+ Kh7 32.Rxa1 Bxa1 33.Re1 Bc3  0-1

[Event "RUS-Cup4"]
[Site "Perm"]
[Date "1997.02.15"]
[Round "8"]
[White "Sorokin, Maxim"]
[Black "Egorov, Evgeni"]
[Result "1/2-1/2"]
[WhiteElo "2560"]
[BlackElo "2375"]

1.Nf3 d5 2.c4 dxc4 3.e3 Nf6 4.Bxc4 c5 5.d4 e6 6.Qe2 a6 7.dxc5 Bxc5 8.O-O O-O
9.e4 b5 10.Bd3 Bb7 11.e5 Bxf3 12.Qxf3 Nd5 13.Nd2 Nd7 14.Qh3 g6 15.Nf3 Re8
16.Ng5 Nf8 17.a4 Be7 18.Qg3 Qa5 19.h4 bxa4 20.h5 Rab8 21.Ne4 Rb3 22.Nd2 Rb4
23.Qf3 Qc7 24.Re1 Rf4 25.Qd1 Nb4 26.Be4 Rh4 27.hxg6 hxg6 28.Nf3 Rd8 29.Qxa4 Nd3
30.Nxh4 Nxe1 31.Bf4 Nd3 32.Bxd3 Rxd3 33.Nf3 Qb6 34.Qxa6 Qxb2 35.Qxd3 Qxa1+
36.Kh2 Qb2 37.Be3 Qb4 38.Kh3 Qa4 39.g4 Qc6 40.Kg3 Nd7 41.Qd4  1/2-1/2

[Event "Clarin GP-f"]
[Site "Villa Gesell"]
[Date "1997.03.02"]
[Round "1"]
[White "Ricardi, Pablo"]
[Black "Ginzburg, Maximiliano"]
[Result "1/2-1/2"]
[WhiteElo "2575"]
[BlackElo "2450"]

1.Nf3 d5 2.c4 c6 3.b3 Nf6 4.g3 Bg4 5.Bg2 Nbd7 6.Bb2 e6 7.O-O Bd6 8.d4 h5
9.Nc3 Bxf3 10.Bxf3 h4 11.e4 dxe4 12.Nxe4 Nxe4 13.Bxe4 f5 14.Bg2 hxg3 15.fxg3 Qf6
16.Rf2 O-O-O 17.b4 Qh6 18.Bf3 e5 19.c5 Bb8 20.b5 e4 21.bxc6 bxc6 22.Bc1 Qg6
23.Qa4 Rde8 24.Bg2 Rxh2 25.Kxh2 Bxg3+ 26.Kg1 Bxf2+ 27.Kxf2 f4 28.Bxf4 Rf8
29.Ke3 Rxf4 30.Kxf4 Qh6+ 31.Kg3 Qe3+ 32.Kh2 Qf4+ 33.Kh3 Qf5+ 34.Kg3 Qg5+
35.Kf2 Qd2+ 36.Kf1 Qd3+ 37.Ke1 Qe3+ 38.Kd1 Qg1+ 39.Kc2 Qxg2+ 40.Kb3 Qf3+
41.Kb4 e3 42.Qa6+ Kd8 43.Re1 Nf6 44.Qd3 Nd5+ 45.Ka3 Qf2 46.Re2 Qf1 47.Qc2  1/2-1/2

[Event "St Petersburg-ch"]
[Site "St Petersburg"]
[Date "1997.03.04"]
[Round "1"]
[White "Karasev, Vladimir I"]
[Black "Ivanov, Sergey"]
[Result "0-1"]
[WhiteElo "2365"]
[BlackElo "2515"]

1.Nf3 d5 2.c4 d4 3.b4 g6 4.Bb2 Bg7 5.e3 e5 6.exd4 e4 7.Ne5 f6 8.Ng4 Bxg4
9.Qxg4 f5 10.Qd1 Nc6 11.Na3 Bxd4 12.Bxd4 Qxd4 13.Nc2 Qe5 14.b5 Nd4 15.Nxd4 Qxd4
16.Rc1 Nf6 17.Be2 Rd8 18.c5 O-O 19.Qb3+ Kg7 20.Qc3 Rfe8 21.g3 Re5 22.Rc2 Red5
23.Qa3 e3 24.O-O exf2+ 25.Kg2 Qe4+ 26.Bf3 Qxc2 27.Rc1 Qxd2 28.c6 Qe1  0-1

[Event "RUS-Cup6"]
[Site "Krasnodar"]
[Date "1997.03.12"]
[Round "2"]
[White "Zakharov, Alexander V"]
[Black "Sherbakov, Ruslan"]
[Result "0-1"]
[WhiteElo "2375"]
[BlackElo "2580"]

1.Nf3 d5 2.c4 dxc4 3.e3 Be6 4.Na3 Nf6 5.Nxc4 Bd5 6.b3 e6 7.Bb2 Be7 8.Be2 O-O
9.O-O c5 10.Rc1 Nbd7 11.Qc2 b6 12.Nce5 Nxe5 13.Nxe5 Rc8 14.Ba6 Rc7 15.f3 Ba8
16.Bd3 h6 17.Bc4 Nd5 18.a3 Bf6 19.f4 Ne7 20.Rf2 Bd5 21.Be2 Rc8 22.Ba6 Rb8
23.Bb5 Rb7 24.Ba6 Rc7 25.Be2 Bxe5 26.fxe5 Rd7 27.Rcf1 Bc6 28.Bc4 Nd5 29.Be2 Qa8
30.Bf3 Ne7 31.b4 Bxf3 32.Rxf3 cxb4 33.axb4 Qc6 34.Qxc6 Nxc6 35.b5 Na5 36.Ba3 Rc8
37.Bb4 Nb3 38.R3f2 Rc4 39.Bc3 Nc5 40.Rf4 Re4 41.Ra1 Rxf4 42.exf4 g5 43.fxg5 hxg5
44.Kf2 Nd3+ 45.Ke3 Nf4 46.Kf3 Kg7 47.h4 Nd5 48.hxg5 Kg6 49.Bb2 Rc7 50.d3 Rc2
51.Bd4 Rd2 52.Ra3 Rd1 53.Bf2 Rb1 54.Rxa7 Rxb5 55.Rb7 Rb3 56.Ke4 Rb2 57.Kf3 Rd2
58.d4 Rd3+ 59.Ke4 Rb3 60.g4 b5 61.Rb8 b4 62.Rg8+ Kh7 63.Rb8 Rc3  0-1

[Event "FRA-chT9697 final"]
[Site "Clichy"]
[Date "1997.05.02"]
[Round "9"]
[White "Olivier, Pierre"]
[Black "Rainfray, Arnaud"]
[Result "1/2-1/2"]
[WhiteElo "2245"]
[BlackElo "2150"]

1.Nf3 d5 2.c4 e6 3.d4 Nf6 4.Nc3 Bb4 5.cxd5 exd5 6.Bg5 Nbd7 7.Qb3 c5 8.dxc5 Qa5
9.Bxf6 Nxf6 10.Rc1 Be6 11.Nd4 Rc8 12.a3 Bxc5 13.e3 O-O 14.Bd3 Bxd4 15.exd4 Ne4
16.Qb4 Qxb4 17.axb4 Rfe8 18.f3 Nd6 19.b3 Re7 20.Kd2 Rec7 21.Nb5 Nxb5 22.Bxb5 Rxc1
23.Rxc1 Rxc1 24.Kxc1 Kf8 25.Bd3 Ke7 26.Kd2 Kf6 27.Bc2 Bf5 28.Bd1 Kg5 29.Ke3  1/2-1/2

[Event "RUS-Cup7"]
[Site "Kstovo"]
[Date "1997.05.03"]
[Round "3"]
[White "Kharlov, Andrei"]
[Black "Kharitonov, Andrei Y"]
[Result "0-1"]
[WhiteElo "2555"]
[BlackElo "2520"]

1.Nf3 d5 2.c4 e6 3.b3 Nf6 4.Bb2 Be7 5.g4 O-O 6.g5 Ne4 7.h4 Nc6 8.Bg2 a5 9.d3 Nc5
10.Na3 d4 11.Nc2 e5 12.Nd2 Bf5 13.Nf1 f6 14.gxf6 Rxf6 15.Ng3 Be6 16.Ba3 Rf7
17.Qd2 Nb4 18.h5 Bg5 19.Qd1 Nba6 20.O-O c6 21.b4 axb4 22.Nxb4 Bf4 23.Nxa6 Nxa6
24.Bc1 Qh4 25.Bxf4 exf4 26.Ne4 Qxh5 27.Rb1 Nc5 28.Nxc5 Qxc5 29.Qd2 Qg5  0-1

[Event "FRA-chT9697 final"]
[Site "Clichy"]
[Date "1997.05.04"]
[Round "11"]
[White "Lecuyer, Christian"]
[Black "Bouton, Christophe"]
[Result "1-0"]
[WhiteElo "2230"]
[BlackElo "2215"]

1.Nf3 d5 2.c4 e6 3.g3 c5 4.Bg2 Nf6 5.O-O Nc6 6.cxd5 exd5 7.d4 Be7 8.Nc3 O-O
9.dxc5 Bxc5 10.Bg5 d4 11.Bxf6 Qxf6 12.Nd5 Qd8 13.Nd2 Bg4 14.Nb3 Bb6 15.Re1 Re8
16.Qd2 h6 17.Rac1 Be6 18.Nxb6 axb6 19.Bxc6 bxc6 20.Rxc6 Rxa2 21.Nxd4 Ra4
22.Rd1 Bh3 23.f3 Qe7 24.e4 Qb4 25.Ne2 Be6 26.Nc3 Raa8 27.Nd5 Qxd2 28.Rxd2 b5
29.Kf2 Reb8 30.Nc7 Rc8 31.Rxe6 Rxc7 32.Rb6 Rc5 33.h4 Ra2 34.Ke3 h5 35.Kf4 Ra7
36.Rd3 g6 37.b4 Rc4 38.Rxb5 Ra4 39.Rb3 Kg7 40.Rb7 Ra6 41.b5 Rf6+ 42.Ke3 Rd6
43.b6 Rdd4 44.Ra7  1-0

[Event "RUS-Cup9"]
[Site "Novgorod"]
[Date "1997.06.22"]
[Round "9"]
[White "Vaulin, Alexander"]
[Black "Sherbakov, Ruslan"]
[Result "0-1"]
[WhiteElo "2490"]
[BlackElo "2580"]

1.Nf3 d5 2.c4 dxc4 3.Qa4+ Nd7 4.Qxc4 a6 5.d4 e6 6.Bg5 Ngf6 7.Nc3 b5 8.Qb3 Bb7
9.Rd1 c5 10.e3 c4 11.Qc2 Bxf3 12.gxf3 Be7 13.a3 Nd5 14.Bxe7 Qxe7 15.Bg2 N7b6
16.O-O O-O 17.f4 f5 18.Kh1 Rac8 19.Rc1 Kh8 20.Rg1 Qd7 21.Qd2 Qd6 22.Bf3 Rc7
23.Rge1 Nd7 24.Rg1 N7f6 25.Rge1 Rd8 26.Kg1 h6 27.Kh1 g5 28.fxg5 hxg5 29.e4 Qf4
30.Qxf4 Nxf4 31.exf5 exf5 32.Re5 Nd3 33.Rxf5 Nxc1 34.Rxf6 Rxd4 35.Rxa6 Rf7
36.Kg2 Nd3 37.Ne2 Ne1+ 38.Kf1 Nxf3 39.Nxd4 Nxd4  0-1

[Event "Vier Laenderkampf"]
[Site "Schoeneck"]
[Date "1997.06.??"]
[Round "2"]
[White "Schmidt, J."]
[Black "Gerstner, Wolfgang"]
[Result "0-1"]
[WhiteElo "2210"]
[BlackElo "2385"]

1.Nf3 d5 2.c4 c6 3.e3 Nf6 4.Nc3 e6 5.b3 Bd6 6.Bb2 O-O 7.d4 Nbd7 8.Qc2 Qe7
9.Bd3 Re8 10.e4 dxe4 11.Nxe4 Nxe4 12.Bxe4 Bb4+ 13.Bc3 f5 14.Bd3 e5 15.dxe5 Nxe5
16.O-O-O Bxc3 17.Qxc3 Nxf3 18.gxf3 Qe5 19.Qxe5 Rxe5 20.f4 Re8 21.Rhg1 Kf7
22.Rg5 Kf6 23.Rdg1 Re7 24.c5 Be6 25.Rh5 Rd8 26.Kc2 g6 27.Rh3 Rd5 28.b4 Rd4
29.Re1 Rxf4 30.Kc3 Bg8 31.Rxe7 Kxe7 32.Re3+ Kd7 33.Re2 Rh4 34.f3 Bd5 35.Rf2 Rf4
36.Be2 Bxa2  0-1

[Event "Wch U20"]
[Site "Zagan"]
[Date "1997.07.19"]
[Round "6"]
[White "Podkriznik, Gregor"]
[Black "De Wachter, Matthias"]
[Result "1-0"]
[WhiteElo "2295"]
[BlackElo "2175"]

1.Nf3 d5 2.c4 c6 3.d4 e6 4.Nbd2 Bd6 5.e4 dxe4 6.Nxe4 Bb4+ 7.Bd2 Bxd2+ 8.Qxd2 Nf6
9.Bd3 Nxe4 10.Bxe4 Nd7 11.Rd1 O-O 12.O-O Qc7 13.Bc2 e5 14.Qd3 g6 15.Rfe1 exd4
16.Qxd4 Qb6 17.Qc3 Nc5 18.Ng5 a5 19.Qd4 Ra6 20.Qh4 h5 21.Nxf7 Rxf7 22.Bxg6 Ne6
23.Bxf7+  1-0

[Event "Komercni Banka op"]
[Site "Pardubice"]
[Date "1997.07.20"]
[Round "4"]
[White "Surjadnji, Aleksej"]
[Black "Kulikov, Alexander O"]
[Result "1/2-1/2"]
[WhiteElo "2440"]
[BlackElo "2335"]

1.Nf3 d5 2.c4 e6 3.d4 Nf6 4.Bg5 c6 5.e3 Nbd7 6.Nbd2 Be7 7.Bd3 O-O 8.O-O b6
9.Rc1 Bb7 10.cxd5 exd5 11.Qe2 a5 12.Rfd1 Re8 13.Nf1 Ne4 14.Bxe7 Qxe7 15.Ng3 Qe6
16.Nd2 Nd6 17.Qf3 c5 18.dxc5 Nxc5 19.Bf5 Qe5 20.Qg4 Nxf5 21.Qxf5 Qxb2 22.Rc2 Qe5
23.Qxe5 Rxe5 24.Nf3 Re7 25.Rb1 Na4 26.Nf5 Re6 27.Rc7 Ba6 28.Ne7+ Kf8 29.Nxd5 Rd8
30.Nf4 Re7 31.Rxe7 Kxe7 32.Nd4 Kf8 33.h4 Bc4 34.a3 Rb8 35.g4 b5 36.Nc6 Ra8
37.Rc1 Nb6 38.e4 a4 39.Rd1 Bb3 40.Ra1 Rc8 41.Nd4 Rc4 42.Nfe2 b4 43.f3 bxa3
44.Rxa3 Bd1 45.Kf2 Rb4 46.Rd3 Bxe2 47.Kxe2 Rb2+ 48.Kd1 f6 49.Kc1 Rb4 50.Nc2 Rc4
51.Rd6 Nc8 52.Ra6 Ne7 53.Kd2 Ng6 54.Ne3 Rd4+ 55.Kc3 Rd7  1/2-1/2

[Event "Komercni Banka op"]
[Site "Pardubice"]
[Date "1997.07.21"]
[Round "5"]
[White "Jurek, Josef"]
[Black "Soln, Primoz"]
[Result "0-1"]
[WhiteElo "2415"]
[BlackElo "2325"]

1.Nf3 d5 2.c4 c6 3.d4 e6 4.e3 Nf6 5.Nbd2 c5 6.Bd3 cxd4 7.exd4 Nc6 8.O-O Bd6
9.cxd5 exd5 10.Re1+ Be6 11.Bf5 O-O 12.Bxe6 fxe6 13.Rxe6 Qd7 14.Re2 Qg4 15.Nf1 Ne4
16.Ng3 Rxf3 17.gxf3 Qxf3 18.Be3 Bxg3 19.hxg3 Nxg3 20.fxg3 Qxg3+ 21.Kf1 Rf8+
22.Bf2 Nb4 23.Qb3 Qh2 24.Ke1 Qh1+ 25.Kd2 Qxa1 26.Qxb4 Rc8 27.Re1 Qxa2 28.Bg3 Qa6
29.Re7 Qh6+ 30.Re3 Qh1 31.Be1 Qh2+ 32.Re2 Qf4+ 33.Re3 Re8 34.Qc3 g5 35.Bg3 Rxe3
36.Qxe3 Qxe3+ 37.Kxe3 Kf7 38.Kf3 h5 39.Bc7 Ke6 40.Bd8 Kf5 41.Be7 a5 42.Bd8 a4
43.Bb6 h4 44.Kf2 Kf4 45.Bc7+ Kg4 46.Kg2 b5 47.Bd6 Kf5 48.Kh3 Ke4 49.Be7 Kxd4
50.Bxg5 Kd3 51.Kxh4 b4 52.Kg4 d4  0-1

[Event "Komercni Banka op"]
[Site "Pardubice"]
[Date "1997.07.22"]
[Round "6"]
[White "Stocek, Jiri"]
[Black "Gasthofer, Viktor"]
[Result "1-0"]
[WhiteElo "2470"]
[BlackElo "2350"]

1.Nf3 d5 2.c4 e6 3.g3 Nf6 4.Bg2 Be7 5.O-O O-O 6.b3 b6 7.Bb2 Bb7 8.e3 c5 9.Nc3 Nbd7
10.cxd5 Nxd5 11.Nxd5 Bxd5 12.Rc1 Qb8 13.Re1 Rd8 14.Qc2 Bf6 15.e4 Bb7 16.d4 cxd4
17.Nxd4 a5 18.Rcd1 Nc5 19.h4 h6 20.Qe2 Rd7 21.e5 Be7 22.Nc6 Qe8 23.Qb5 Bd8
24.Nxd8 Raxd8 25.Bxb7 Rxb7 26.Rxd8 Qxd8 27.Ba3 Qd2 28.Rf1 Rd7 29.Qxb6 Ne4
30.Bc1 Qe2 31.Qe3 Qc2 32.Re1 Nc3 33.Kg2 Rd3 34.Qf4 Qxa2 35.Qc4 Qc2 36.Be3 Rd5
37.Bd4 Rxd4 38.Qxd4 Qxb3 39.Qd8+ Kh7 40.Qxa5 Qb7+ 41.Kg1 Qf3 42.Qc5 g5 43.Qe3 Qxe3
44.Rxe3 Nd5 45.Re4 Kg6 46.Kg2 Nc3 47.Rc4 Nd5 48.Kf3 Kf5 49.Re4 gxh4 50.Rxh4 Kxe5
51.Rxh6 f5 52.Kg2 Nc3 53.f3 Ne2 54.g4 Nf4+ 55.Kg3 fxg4 56.fxg4 Ne2+ 57.Kh4 Nc3
58.Kh5  1-0

[Event "Credis"]
[Site "Biel"]
[Date "1997.07.23"]
[Round "3"]
[White "Hertneck, Gerald"]
[Black "Kobalija, Mihail"]
[Result "0-1"]
[WhiteElo "2525"]
[BlackElo "2495"]

1.Nf3 d5 2.c4 c6 3.b3 Bg4 4.Bb2 Nd7 5.cxd5 Bxf3 6.gxf3 cxd5 7.f4 e6 8.e3 Ngf6
9.Bg2 Bd6 10.O-O O-O 11.Nc3 Nc5 12.Nb5 Be7 13.Qe2 a6 14.Nd4 Rc8 15.Kh1 Qb6
16.Rg1 Ne8 17.Rac1 f5 18.Nxf5 Rxf5 19.d4 Rf8 20.dxc5 Bxc5 21.f5 Rxf5 22.Bh3 Rf7
23.Bd4 Re7 24.Qh5 Rcc7 25.Rxc5 Rxc5 26.Qe5 Kh8 27.b4 Qxb4 28.Qf4 Kg8 29.Qb8 e5
30.Bd7 Kf7 31.Bxe8+ Rxe8 32.Qd6 Rb5 33.Rxg7+ Kxg7 34.Bxe5+ Kg8  0-1

[Event "Komercni Banka op"]
[Site "Pardubice"]
[Date "1997.07.23"]
[Round "7"]
[White "Jirovsky, Milos"]
[Black "Evseev, Denis"]
[Result "1/2-1/2"]
[WhiteElo "2480"]
[BlackElo "2370"]

1.Nf3 d5 2.c4 c6 3.Qb3 Nf6 4.d4 dxc4 5.Qxc4 Bf5 6.g3 e6 7.Bg2 Nbd7 8.O-O Be7
9.Nc3 Ne4 10.Rd1 Nxc3 11.Qxc3 Be4 12.b3 O-O 13.Bb2 Nf6 14.Rac1 a5 15.Ne5 Bxg2
16.Kxg2  1/2-1/2

[Event "AUT-ch (Women)"]
[Site "Gallspach"]
[Date "1997.07.30"]
[Round "3"]
[White "Lukan, Dunja"]
[Black "Hennings, Margit"]
[Result "0-1"]
[WhiteElo "1804"]
[BlackElo "1890"]

1.Nf3 d5 2.c4 Nf6 3.b3 e6 4.Bb2 Bc5 5.d4 Bb4+ 6.Bc3 Be7 7.Nbd2 O-O 8.e3 Nbd7
9.Be2 dxc4 10.bxc4 c5 11.O-O cxd4 12.exd4 b6 13.Qb3 Bb7 14.a4 Ne4 15.Nxe4 Bxe4
16.Nd2 Bg6 17.Bf3 Rc8 18.Bb4 Bxb4 19.Qxb4 Qf6 20.Nb3 Rfd8 21.Rac1 e5 22.dxe5 Nxe5
23.Be2 Bd3 24.Qe1 Re8 25.Qd2 Bxc4 26.Bxc4 Nxc4 27.Qd7 Qe7 28.Rfd1 Qxd7 29.Rxd7 a5
30.h3 g6 31.Rd4 Nb2 32.Rb1 Rc2 33.Nd2 Re2 34.Ne4 Kg7 35.Rd7 Rxe4 36.Rb7 Nxa4  0-1

[Event "AUT-ch"]
[Site "Moesern"]
[Date "1997.08.02"]
[Round "1"]
[White "Duer, Arne"]
[Black "Lendwai, Reinhard"]
[Result "1-0"]
[WhiteElo "2405"]
[BlackElo "2375"]

1.Nf3 d5 2.c4 c6 3.b3 Bf5 4.Bb2 e6 5.g3 Nf6 6.Bg2 Nbd7 7.O-O h6 8.d3 Be7
9.Nc3 O-O 10.Qc2 Bh7 11.Rac1 a5 12.Rfd1 Nc5 13.Ba1 Qb6 14.Rb1 Rfd8 15.Rdc1 Ng4
16.Nd1 Na6 17.h3 Nf6 18.Nc3 Nd7 19.Qd2 Bf6 20.Na4 Qb4 21.Bxf6 Qxd2 22.Nxd2 Nxf6
23.a3 Nd7 24.Nc3 Nc7 25.Nf3 Rdb8 26.Na4 Kf8 27.Kf1 Ke7 28.Ke1 Kd6 29.Rb2 Ra6
30.Rbc2 Rc8 31.Kd2 Raa8 32.Rc3 Na6 33.h4 Rc7 34.Bh3 Rac8 35.Nd4 Re8 36.cxd5 exd5
37.Bf5 Nf6 38.Bxh7 Nxh7 39.Nf5+ Ke5 40.Nxg7 f5 41.Nxe8  1-0

[Event "AUT-ch"]
[Site "Moesern"]
[Date "1997.08.03"]
[Round "2"]
[White "Sommerbauer, Norbert"]
[Black "Lehner, Oliver"]
[Result "0-1"]
[WhiteElo "2395"]
[BlackElo "2400"]

1.Nf3 d5 2.c4 e6 3.g3 Nf6 4.Bg2 dxc4 5.Qa4+ Nbd7 6.Qxc4 a6 7.Qc2 c5 8.O-O Be7
9.Nc3 O-O 10.d4 cxd4 11.Nxd4 Nb6 12.Rd1 Qc7 13.Bg5 Bd7 14.Rac1 h6 15.Bxf6 Bxf6
16.Ne4 Qxc2 17.Nxf6+ gxf6 18.Rxc2 Rab8 19.Rc7 e5 20.Nb3 Bb5 21.Rxb7 Bxe2
22.Rd6 Nc4 23.Rxb8 Rxb8 24.Rxf6 Rd8 25.h3 Rd1+ 26.Kh2 Nxb2 27.Rxh6 Kg7 28.Rc6 Nd3
29.Rc2 Bh5 30.Be4 f5 31.Bxf5 Ne1 32.Rc1 Nf3+ 33.Kg2 Ne1+ 34.Kf1 Rxc1 35.Nxc1 Nf3
36.Nb3 Bf7 37.Bc2 Bc4+ 38.Kg2 Ne1+  0-1

[Event "Montecatini Terme op"]
[Site "Montecatini Terme"]
[Date "1997.08.03"]
[Round "3"]
[White "Efimov, Igor"]
[Black "Farago, Ivan"]
[Result "1/2-1/2"]
[WhiteElo "2540"]
[BlackElo "2445"]

1.Nf3 d5 2.c4 d4 3.e3 Nc6 4.exd4 Nxd4 5.Nxd4 Qxd4 6.Nc3 c6 7.d3 e5 8.Be3 Qd8
9.d4 exd4 10.Qxd4 Qxd4 11.Bxd4 Nh6 12.O-O-O Nf5 13.Be5 Be7 14.g4 f6 15.Bc7 Nh4
16.Be2 f5 17.h3 O-O 18.f4 Be6 19.g5 Ng6 20.Rhf1 Rac8  1/2-1/2

[Event "MK Cafe op-A"]
[Site "Koszalin"]
[Date "1997.08.07"]
[Round "6"]
[White "Sokolowski, Ryszard"]
[Black "Galliamova, Alisa"]
[Result "0-1"]
[WhiteElo "2210"]
[BlackElo "2445"]

1.Nf3 d5 2.c4 dxc4 3.Na3 a6 4.Nxc4 b5 5.Na3 Bb7 6.d4 Nf6 7.e3 e6 8.Bd3 c5
9.O-O Nbd7 10.b3 Bd6 11.Qe2 O-O 12.Rd1 Nd5 13.Bb2 cxd4 14.exd4 Nf4 15.Qe3 Nf6
16.h3 N6d5 17.Qe1 Nxg2 18.Qe4 f5 19.Qxe6+ Kh8 20.Ne5 Ngf4 21.Nf7+ Rxf7 22.Qxf7 Qg5+  0-1

[Event "FRA-ch"]
[Site "Narbonne"]
[Date "1997.08.18"]
[Round "4"]
[White "Bricard, Emmanuel"]
[Black "Vaisser, Anatoli"]
[Result "0-1"]
[WhiteElo "2350"]
[BlackElo "2575"]

1.Nf3 d5 2.c4 e6 3.d4 c6 4.Qc2 dxc4 5.Qxc4 Nf6 6.g3 b5 7.Qc2 Bb7 8.Bg2 Nbd7
9.O-O c5 10.a4 a6 11.Bg5 Rc8 12.axb5 axb5 13.Qb3 Qb6 14.Nc3 cxd4 15.Bxf6 gxf6
16.Nxb5 Bxf3 17.Bxf3 Rb8 18.Rfc1 Bc5 19.Qc4 O-O 20.b4 Be7 21.Nxd4 Ne5 22.Qc3 Bxb4
23.Qb2 Rfd8 24.Nb3 Bc5 25.Rab1 Bxf2+ 26.Kg2 Be3 27.Rc2 Kg7 28.Qa2 Qd6 29.Na5 Nxf3
30.exf3 Ra8 31.Qb3 Rxa5 32.Qxe3 Re5 33.Qc3 Qd5 34.Re1 Rc8 35.Qxc8 Rxe1 36.Qc4 Qxc4
37.Rxc4 Re2+ 38.Kh3 h5 39.g4 hxg4+ 40.Rxg4+ Kh6 41.Kg3 f5 42.Rg8 e5 43.Ra8 f4+
44.Kg4 Kg6 45.Rg8+ Kf6 46.Ra8 Rg2+ 47.Kh3 Rg1 48.Ra6+ Ke7 49.Ra7+ Ke6 50.Ra6+ Kd5
51.Ra5+ Kd4 52.Ra4+ Kd3 53.Re4 f6 54.Kh4 Rg2 55.Kh3 Re2  0-1